|
|
|
|
| LEADER |
00673nab a2200193 i 4500 |
| 001 |
misc45027 |
| 005 |
20191106141034.0 |
| 008 |
181015s1996 hu o 0|| zxx d |
| 022 |
|
|
|a 1215-5233
|
| 040 |
|
|
|a SZTE Miscellanea Repozitórium
|b hun
|
| 041 |
|
|
|a zxx
|
| 100 |
1 |
|
|a Bögre Zsuzsa
|
| 245 |
1 |
0 |
|a Azonos tartalom, változó forma
|h [elektronikus dokumentum] /
|c Bögre Zsuzsa
|
| 260 |
|
|
|c 1996
|
| 300 |
|
|
|a 111-113
|
| 490 |
0 |
|
|a Iskolakultúra
|v 6 No. 5
|
| 695 |
|
|
|a Erkölcsi érték - könyvismertetés, Hitélet - keresztény - könyvismertetés
|
| 700 |
0 |
1 |
|a Morel Gyula
|
| 856 |
4 |
0 |
|u http://misc.bibl.u-szeged.hu/45027/1/iskolakultura_1996_005_111-113.pdf
|z Dokumentum-elérés
|